| 000 | 01157nam a22001937a 4500 | ||
|---|---|---|---|
| 008 | 101212t xxu||||| |||| 00| 0 eng d | ||
| 020 | _a9772814266 | ||
| 082 |
_a338.0956 _bس ل ي |
||
| 100 |
_921478 _aسليمان، علي عبد العزيز |
||
| 245 |
_aالعرب وتحديات ما بعد الأزمة المالية العالمية / _cعلي عبد العزيز سليمان |
||
| 260 |
_aالقاهرة : _bالمكتبة الأكاديمية، 2010 _c2010 |
||
| 300 |
_a183 ص : _bايض ؛ _c18 سم |
||
| 504 | _aيشتمل على إرجاعات ببليوجرافية | ||
| 541 | _aد. علي عبد العزيز سليمان ؛ | ||
| 651 |
_915246 _aالعالم العربي _xالأحوال الاقتصادية |
||
| 942 |
_2ddc _cBB |
||
| 999 |
_c14875 _d14875 |
||